[Event "Creon op 13th"]
[Site "Creon"]
[Date "2008.07.31"]
[Round "6"]
[White "Diologent, Matthieu"]
[Black "Maruejols, Claude"]
[Result "1-0"]
[WhiteElo "1907"]
[BlackElo "2044"]
[PlyCount "33"]
[EventDate "2008.07.28"]
[EventType "swiss"]
[EventRounds "9"]
[EventCountry "FRA"]
[SourceTitle "CBM 125 Extra"]
[Source "ChessBase"]
[SourceDate "2008.09.01"]
[SourceVersion "1"]
[SourceVersionDate "2008.09.01"]
[SourceQuality "1"]

1. e4 c5 2. c3 Nf6 3. e5 Nd5 4. d4 cxd4 5. cxd4 Nc6 6. Nc3 Nxc3 7. bxc3 e6 8. Nf3 d6 9. Bf4 Be7 10. Bd3 b6 11. Bb5 Bd7 12. exd6 Bf6 13. 0-0 g5 14. d5 Nb8 15. Bxd7+ Nxd7 16. dxe6 fxe6 17. Nxg5 1-0

[Event "Dieppe op 3rd"]
[Site "Dieppe"]
[Date "2002.07.28"]
[Round "1"]
[White "Diologent, Matthieu"]
[Black "Chardonnet, Kathy"]
[Result "1-0"]
[WhiteElo "1640"]
[BlackElo "1290"]
[PlyCount "29"]
[EventDate "2002.??.??"]
[EventType "swiss"]
[EventRounds "9"]
[EventCountry "FRA"]
[SourceTitle "EXT 2005"]
[Source "ChessBase"]
[SourceDate "2004.11.15"]
[SourceVersion "1"]
[SourceVersionDate "2004.11.15"]
[SourceQuality "1"]

1. e4 e6 2. d4 d5 3. Nc3 c5 4. exd5 exd5 5. dxc5 d4 6. Bb5+ Nc6 7. Qe2+ Be6 8. Ne4 Qc7 9. Nf3 0-0-0 10. 0-0 f5 11. Nd6+ Bxd6 12. Qxe6+ Kb8 13. cxd6 Qxd6 14. Qxd6+ Rxd6 15. Bf4 1-0